Name Manitoba's electoral divisions Quiz Stats

 Plays Quiz not verified by Sporcle

Score 0/57 Timer 08:00
0 Plays Today
Answer % Correct
Brandon East
94.4%
Brandon West
94.4%
St. James
85.2%
Transcona
85.2%
The Pas
83.3%
Thompson
83.3%
Assiniboia
81.5%
Flin Flon
81.5%
Interlake
81.5%
Kildonan
81.5%
Minto
81.5%
St. Johns
81.5%
Fort Richmond
79.6%
St. Boniface
79.6%
St. Norbert
79.6%
Fort Rouge
77.8%
Selkirk
77.8%
Tuxedo
77.8%
Charleswood
74.1%
Logan
74.1%
Point Douglas
74.1%
River Heights
74.1%
Steinbach
72.2%
Wolseley
72.2%
Dauphin
70.4%
St. Vital
70.4%
Morden-Winkler
68.5%
Agassiz
66.7%
Concordia
66.7%
Answer % Correct
Southdale
66.7%
The Maples
66.7%
Arthur-Virden
64.8%
Fort Whyte
64.8%
Kewatinook
64.8%
Fort Garry-Riverview
63%
Kirkfield Park
63%
Radisson
63%
Seine River
63%
Burrows
61.1%
Elmwood
61.1%
Emerson
61.1%
Morris
61.1%
Gimli
59.3%
Portage la Prairie
59.3%
Lac-Du-Bonnet
57.4%
Midland
57.4%
Rossmere
57.4%
Lakeside
55.6%
Riel
55.6%
River East
55.6%
St. Paul
55.6%
Swan River
55.6%
Dawson Trail
53.7%
Tyndall Park
48.1%
Spruce Woods
46.3%
La Verendrye
44.4%
Riding Mountain
33.3%

You're not logged in!

Compare scores with friends on all Sporcle quizzes.
OR
Log In

Sporcle TV

Today on Sporcle TV


Watch our educational content, quiz creation guides, and fun videos on Sporcle TV.

Show Comments

Extras

Top Quizzes Today


Score Distribution

Your Account Isn't Verified!

In order to create a playlist on Sporcle, you need to verify the email address you used during registration. Go to your Sporcle Settings to finish the process.

Report this User

Report this user for behavior that violates our Community Guidelines.

Details: